000 01735cam a22004454i 4500
003 PE-LiUPU
005 20250731175641.0
008 150706s r 000 0 d
020 _a9781405882255
035 _a(Sirsi) i9781405882255
040 _aPE-LiUPU
_bspa
_cPE-LiUPU
_erda
049 _aPRUA
082 0 4 _a428.6461
_bPR4lo
_221
100 1 _aCrichton, Michael,
_eautor.
245 1 4 _aThe lost world /
_cMichael Crichton contada por Janet McAlpin.
264 1 _aHarlow :
_bPearson Education,
_c2008.
300 _avii, 64 páginas :
_bilustraciones ;
_c20 cm.
300 _a02 CD-ROM (1-2)
336 _atext
_2rdacontent
337 _aunmediated
_2rdamedia
338 _avolume
_2rdacarrier
490 0 _aPenguin Readers ;
_vLevel 4
505 0 _aAre dinosaurs really extinct? -- Lizard as big as a cow -- A lost world -- Which island? -- Site B -- A good parent -- Killing Machine -- Attack -- Three excited babies -- Activities.
526 _aP145
526 _aP127
526 _aP97
526 _aP35
526 _aP14
526 _aP07
541 _g002-0046574;
650 1 4 _aInglés
_vLibros de Lecturas.
700 1 _aChaisty, Chris,
_eil
700 1 _aMcAlpin, Janet.
910 _agl
_cjck
_d20120514
942 _2ddc
_cBOOK
949 _a428.6461 PR4LO
_wDEWEY
_c1
_i64631
_lCCODEBUL1
_mBUL
_p5.00
_r0
_sY
_tBOOK
_u2015-7-6
_xEDUCACION
_PP20
_o.STAFF. Colección General
994 _aC0
_bPEPRU
596 _a1
999 _a428.6461 PR4LO
_wDEWEY
_c53340
_i64631
_d53340
_e2018-4-17
_f2021-11-8
_g5
_lCCODEBUL1
_mBUL
_n1
_p5.00
_r0
_sY
_tBOOK
_u2015-7-6
_xEDUCACION
_PP20
_0COMPRA
_o.STAFF. Colección General
980 _81
_gALBERTO SANCHEZ Responsable de Automatización